000 00622nam a22002297a 4500
008 130513b xxu||||| |||| 00| 0 eng d
020 _a0 412 74060 5
024 _cAvailable
037 _cAvailable
082 _a551.03
_b1
100 _aW.Reginald
110 _aHerschy
245 _aEncyclopedia of Heydrology and Water Resources.
260 _aLondon
_bKluwer Academic
_c1999
300 _a28.5 cm
_b803 Page
_f1
_g28.5 cm
700 _aW.Reginald
710 _aHerschy
270 _aKluwer Academic
_bLondon
_dUK
365 _b34092.00
_d34092.00
942 _2ddc
_cBK
999 _c375
_d375